Normal view MARC view
  • Reverter, Arturo

Entry Nombre Personal

Number of records used in: 1

001 - NUMERO DE CONTROL

  • campo de control: 54096

003 - IDENTIFICADOR DE NUMERO DE CONTROL

  • campo de control: DLC

005 - FECHA Y HORA DE LA ÜLTIMA TRANSACCIÓN

  • campo de control: 20241014110324.0

008 - DATOS DE LONGITUD FIJA

  • campo de control de longitud fija: 241014|| aca||aabn | aaa d

010 ## - NÚMERO DE CONTROL DE LA BIBLIOTECA DEL CONGRESO

  • Número de control LC: n 2011023664

035 ## - NUMERO DE CONTROL

  • Número de control: (OCoLC)oca08823205

040 ## - FUENTE DE CATALOGACIÓN

  • Agencia original de catalogación: DLC
  • Lenguaje de catalogación: spa
  • Agencia de transcripción: DLC
  • Agencia que lo modifica: NN
  • Agencia que lo modifica: MX-MxUPN

046 ## - FECHAS CON CODIFICACIÓN ESPECIAL

  • Fecha de nacimiento: 1941

100 1# - ENCABEZAMIENTO - NOMBRE PERSONAL

  • Nombre personal: Reverter, Arturo

370 ## - LUGAR ASOCIADO

  • Fuente del término: naf
  • Place of birth: Santiago de Compostela (España)

372 ## - CAMPO DE ACTIVIDAD

  • Field of activity: Crítico musical

378 ## - FORMA COMPLETA DE NOMBRE PERSONAL

  • Fuller form of personal name: Reverter Gutiérrez de Terán

670 ## - FUENTE EN LA QUE SE LOCALIZARON DATOS

  • Cita de la fuente: Autoridades LC, 14 octubre 2024 :
  • Información localizada: (Reverter, Arturo)
  • Uniform Resource Identifier: https://lccn.loc.gov/n2011023664

902 ## - CATALOGADOR

  • Catalogador: MaríaRobles/141024